River Into Sea Quiz Stats

 Plays Quiz not verified by Sporcle

Also try: River Cities
Challenge
Share
Tweet
Embed
Score 0/30 Timer 06:00
0 Plays Today
River Country % Correct
AmazonBrazil
98.4%
ColoradoMexico
93.4%
NileEgypt
91.8%
YukonUSA
90.2%
NigerNigeria
89.3%
VolgaRussia
88.5%
YellowChina
88.5%
DanubeRomania
85.2%
RhoneFrance
83.6%
PoItaly
83.6%
IndusPakistan
83.6%
GangesBangladesh
79.5%
MekongVietnam
78.7%
MurrayAustralia
77%
CongoDemocratic Republic of Congo
75.4%
River Country % Correct
DniesterUkraine
75.4%
RhineHolland
74.6%
MeuseHolland
74.6%
Shatt-Al-ArabIraq
74.6%
OrangeSouth Africa
73%
OderPoland
68.9%
TagusPortugal
67.2%
HanNorth Korea
67.2%
OrinocoVenezuela
66.4%
Mae SaiThailand
64.8%
VoltaGhana
44.3%
LimpopoMozambique
41.8%
NissanSweden
36.1%
EscondidoNicaragua
20.5%
AwashEthiopia
18%

You're not logged in!

Compare scores with friends on all Sporcle quizzes.
Join for Free
OR
Log In

You Might Also Like...

Show Comments

Extras

Created Jul 31, 2010ReportNominate
Tags:Topography Quiz

Top Quizzes Today


Score Distribution

Your Account Isn't Verified!

In order to create a playlist on Sporcle, you need to verify the email address you used during registration. Go to your Sporcle Settings to finish the process.

Report this User

Report this user for behavior that violates our Community Guidelines.

Details: